000 00449cam a2200181ua 4500
020 _cRs 2.25
041 _ahin
_h
082 _a891.54
_bBHA/VA
100 _aBhagavaticharan, Varma .
245 _aVoh phir nahi ayi /
_cBhagavaticharan Varma.
_hTextual Documents
250 _a2 /
_b.
260 _aDelhi :
_bRajkamal Prakash ,
_c1962.
300 _a114 ; .
365 _aRs 2.25
504 _a
942 _cBK
999 _c3574
_d3574